Clinical psychology : (Record no. 18463)

MARC details
000 -LEADER
fixed length control field 01918cam a22002774a 4500
001 - CONTROL NUMBER
control field 17001471
005 - DATE AND TIME OF LATEST TRANSACTION
control field 20141016133411.0
008 - FIXED-LENGTH DATA ELEMENTS--GENERAL INFORMATION
fixed length control field 111017s2012 xxka frbd 001 0 eng d
010 ## - LIBRARY OF CONGRESS CONTROL NUMBER
LC control number 2011038606
020 ## - INTERNATIONAL STANDARD BOOK NUMBER
International Standard Book Number 9780415683968 (hardback)
020 ## - INTERNATIONAL STANDARD BOOK NUMBER
International Standard Book Number 9780415683975 (paperback)
040 ## - CATALOGING SOURCE
Original cataloging agency DLC
Transcribing agency DLC
Modifying agency DLC
-- EG-ScBUE
082 00 - DEWEY DECIMAL CLASSIFICATION NUMBER
Classification number 616.89
Edition number 22
Item number CAR
100 1# - MAIN ENTRY--PERSONAL NAME
Personal name Carr, Alan,
Dates associated with a name 1957-
9 (RLIN) 36235
245 10 - TITLE STATEMENT
Title Clinical psychology :
Remainder of title an introduction /
Statement of responsibility, etc Alan Carr.
260 ## - PUBLICATION, DISTRIBUTION, ETC. (IMPRINT)
Place of publication, distribution, etc Hove, United Kingdom :
-- New York, United States :
Name of publisher, distributor, etc Routledge,
Date of publication, distribution, etc 2012.
300 ## - PHYSICAL DESCRIPTION
Extent xv, 395 p. :
Other physical details ill. ;
Dimensions 25 cm.
500 ## - GENERAL NOTE
General note Glossary : p. 330-341.
500 ## - GENERAL NOTE
General note Index : p. 387-395.
504 ## - BIBLIOGRAPHY, ETC. NOTE
Bibliography, etc Bibliography : p. 342-386.<br/>
520 ## - SUMMARY, ETC.
Summary, etc Clinical psychology: An Introduction is for students studying clinical psychology as part of an undergraduate programme in psychology, nursing, sociology or social and behavioural sciences. Undergraduate students who wish to know if postgraduate study in clinical psychology would be of interest to them will find this book particularly useful. The book will inform students about - the profession of clinical psychology - how to get onto a clinical psychology postgraduate training programme - the way clinical psychologists work with children, adolescents and adults with common psychological problems - the main models of practice used by clinical psychologists, and - the scientific evidence for the effectiveness of psychological interventions. There is a focus on both clinical case studies and relevant research, and the book includes chapter plans, summaries, revision questions, advice on further reading and glossaries of key terms, all of which make it a brief student-friendly introduction to an exceptionally interesting subject.
650 #0 - SUBJECT ADDED ENTRY--TOPICAL TERM
Topical term or geographic name as entry element Clinical psychology
Form subdivision Textbooks.
9 (RLIN) 36236
653 ## - INDEX TERM--UNCONTROLLED
Resource For college Pharmacy
Arrived date list October2014
655 ## - INDEX TERM--GENRE/FORM
Form subdivision
-- 34232
942 ## - ADDED ENTRY ELEMENTS (KOHA)
Source of classification or shelving scheme Dewey Decimal Classification
Call number prefix 616.89 CAR
Holdings
Withdrawn status Item status Source of classification or shelving scheme Damaged status Not for loan Vendor Home library Current library Shelving location Date acquired Source of acquisition Cost, normal purchase price Total Checkouts Full call number Barcode Date last seen Date last borrowed Cost, replacement price Koha item type Total Renewals
    Dewey Decimal Classification     Baccah Central Library Central Library First floor 16/10/2014   260.00 1 616.89 CAR 000036701 15/07/2025 03/11/2020 325.00 Book - Borrowing  
    Dewey Decimal Classification     Baccah Central Library Central Library First floor 16/10/2014   260.00 1 616.89 CAR 000036702 15/07/2025 20/07/2017 325.00 Book - Borrowing 7
    Dewey Decimal Classification     Baccah Central Library Central Library First floor 16/10/2014   260.00 6 616.89 CAR 000036703 06/04/2026 17/03/2026 325.00 Book - Borrowing 27